000
00251nam a2200109Ia 4500
008
220714s9999 xx 000 0 und d
020
_a
0671718614-4
082
_a
EF ROB
100
_a
D.ROBERTSON
_9
168851
245
2
_a
A RELATIVE FREDOM
942
_c
BK
_w
561
_x
John Tresidder
_y
561
_z
John Tresidder
999
_c
722140
_d
722139